000 00493 a2200145 4500
020 _a0781791952
050 _aRT120.I5
_bC74 1998
100 _aHudak, Carolyn M.
_97828
245 _aCritical care nursing : a holistic approach ;
_c[edited by] Carolyn M. Hudak, Barbara M. Gallo, Patricia Gonce Morton.
250 _a7th ed.
260 _aPhiladelphia :
_bLippincott,
_c♭1998.
300 _axxxiii, 1083 p. :
_bill. (some color) ;
_c 29 cm.
504 _aIncludes index.
942 _2lcc
_cBK
_n0
999 _c3715
_d3715